Persona 3 Party Members Quiz - Statistics

General Stats
  • This quiz has been taken 176 times
  • The average score is 8 of 12
Answer Stats
Element PM % Correct
Wild Card Makoto Yuki
85%
Wind Yukari Takeba
82%
Fire Junpei Iori
78%
Ice Mitsuru Kirijo
78%
Strike Aigis
76%
Electric Akihiko Sanada
73%
Fire / Darkness Koromaru
66%
Navigator Fuuka Yamagishi
63%
Electric / Light Ken Amada
60%
Wild Card Kotone Shiomi
49%
Strike Shinjiro Aragaki
42%
Wind / Ice Metis
36%
No matching quizzes found
Score Distribution
Percent of People with Each Score
Percentile by Number Answered
Your Score History
You have not taken this quiz